000 00750nam a2200193 a 4500
001 000044220
005 20201002045227.0
008 140610s1994 cu r 000 0 spa d
020 _a9589009360
040 _aDO-SdBNP
_bspa
_cBNPHU
082 _axxxx
_bxxxx
100 1 _aGuadarrama González, Pablo
_d1949-
_972224
245 1 0 _aAmérica Latina :
_bmarxismo y postmodernidad /
_cPablo Guadarrama González.
260 _aSanta Clara, Cuba :
_bUniversidad Central de Las Villas,
_bUniversidad INCCA de Colombia,
_c1994.
300 _axv, 230 p. ;
_c21 cm.
500 _aIncluye datos biográficos del autor en la solapa de la cubierta
500 _aIncluye referencias bibliográficas y notas al pie de las páginas
590 _aInventariado, 2019/BT
999 _c43709
_d43709